000 00867nam a2200241Ia 4500
003 GCL
008 140319s9999 xx 000 0 ara d
040 _aGCL /
_cGCL
082 0 4 _a810.13
_bم د
100 1 _aمركز دراسات الوحدة العربية
245 1 0 _aدور الادب فى الوعى القومى العربى بحوث ومناقشات /
_cمركز دراسات الوحدة العربية
700 1 _aسعدون حمادى
260 _a[S.N] :
_bمركز دراسات الوحدة العربية ،
_c1982
300 _a406 ص
490 _a
650 0 4 _aالادب العربى
650 0 4 _aالادب
650 0 4 _aالقضية الفلسطينية
650 0 4 _aالوحدة العربية
650 0 4 _aالقومية العربية
650 0 4 _aالاستعمار فى البلاد العربية
942 _2ddc
_cBK
999 _c35282
_d35282